ARRUPE JESUIT UNIVERSITY

CORONAVIRUS -STOP THE SPREAD - CLEAN,DISINFECT,COVER

Money, banking, and public finance in Africa / (Record no. 124591)

MARC details
000 -LEADER
fixed length control field 00936cam a2200337 a 4500
001 - CONTROL NUMBER
control field 758361
003 - CONTROL NUMBER IDENTIFIER
control field ARRUPE
005 - DATE AND TIME OF LATEST TRANSACTION
control field 20160413093426.0
008 - FIXED-LENGTH DATA ELEMENTS--GENERAL INFORMATION
fixed length control field 890619s1986 enka b 001 0 eng
010 ## - LIBRARY OF CONGRESS CONTROL NUMBER
LC control number 87111822
020 ## - INTERNATIONAL STANDARD BOOK NUMBER
International Standard Book Number 0862324297
020 ## - INTERNATIONAL STANDARD BOOK NUMBER
International Standard Book Number 0862324300 (pbk.)
035 ## - SYSTEM CONTROL NUMBER
System control number (OCoLC)15592356
035 ## - SYSTEM CONTROL NUMBER
System control number (OCoLC)ocm15592356
035 ## - SYSTEM CONTROL NUMBER
System control number (CStRLIN)NYCG89-B45126
035 ## - SYSTEM CONTROL NUMBER
System control number (NNC)758361
040 ## - CATALOGING SOURCE
Transcribing agency Arrupe
043 ## - GEOGRAPHIC AREA CODE
Geographic area code f------
050 0# - LIBRARY OF CONGRESS CALL NUMBER
Classification number HG187.5.A2
Item number S45 1986
082 0# - DEWEY DECIMAL CLASSIFICATION NUMBER
Classification number 332.1/096
Edition number 19
090 ## - LOCALLY ASSIGNED LC-TYPE CALL NUMBER (OCLC); LOCAL CALL NUMBER (OCLC)
Classification number (OCLC) (R) ; Classification number, CALL (RLIN) (NR) HG187.5.A2
Local cutter number (OCLC) ; Book number/undivided call number, CALL (RLIN) S45 1986
300 ## - PHYSICAL DESCRIPTION
Other physical details ill. ;
Dimensions 23 cm.
100 1# - MAIN ENTRY--PERSONAL NAME
Personal name Seidman, Ann Willcox,
Dates associated with a name 1926-
9 (RLIN) 23733
245 10 - TITLE STATEMENT
Title Money, banking, and public finance in Africa /
Statement of responsibility, etc Ann Seidman.
260 ## - PUBLICATION, DISTRIBUTION, ETC. (IMPRINT)
Place of publication, distribution, etc London ;
Name of publisher, distributor, etc Zed Books,
Date of publication, distribution, etc 1986.
300 ## - PHYSICAL DESCRIPTION
Extent xv, 363 p. :
500 ## - GENERAL NOTE
General note Includes index.
504 ## - BIBLIOGRAPHY, ETC. NOTE
Bibliography, etc Bibliography: p. 330-349.
650 #0 - SUBJECT ADDED ENTRY--TOPICAL TERM
Topical term or geographic name as entry element Finance
Geographic subdivision Africa.
9 (RLIN) 23734
942 ## - ADDED ENTRY ELEMENTS (KOHA)
Source of classification or shelving scheme Library of Congress Classification
Koha item type Monograph ( Printed materials)
Holdings
Withdrawn status Lost status Source of classification or shelving scheme Damaged status Not for loan Collection code Home library Current library Shelving location Date acquired Total Checkouts Full call number Barcode Date last seen Date checked out Price effective from Koha item type
    Library of Congress Classification     Main Collection ARRUPE LIBRARY ARRUPE LIBRARY Main Collection 13/04/2016 14 HG187.5.A2 S458 1986 46500006968 10/06/2024 26/04/2024 13/04/2016 Monograph ( Printed materials)

 

Arrupe Library. PO Box MP320 Mt Pleasant, Harare, Zimbabwe
263 242 745411|librarian@aju.ac.zw